00329nam a2200121 a 4500001000500000005001700005008004100022050002000063100002000083245003600103260004500139440002300184414020140414131851.0090218s19uu xx 00 eng d aM 530bW67 2003 aWilliams, Brian aFaraday pioneer of electricity. aBrighton :bThe Salariya Book Co,c2003. aThe explosion zone